000 00785nas a2200265 4500
001 BR0202443
003 BR-BrBNA
005 20231205102945.0
007 ta
008 230509b bl.|||p| |||| 00| 00por d
040 _aBR-BrBNA
_bpor
_cBiblioteca Nacional de Agricultura
041 _a(Pt)
072 _aK50
100 1 _aRocha, M.P. da
100 1 _aTomaselli, I.
245 1 _aEfeito de modelo de corte nas dimensões de madeira serrada de Eucaliptus grandis e Eucaliptus dunnii
650 _aEUCALIPTO
650 _aMADEIRA SERRADA
650 _aTORA
650 _aCORTE
650 _aDENDROMETRIA
773 0 _tFloresta e Ambiente (Brazil)
_xISSN 1415-0980
_g(2001), v. 8(1) p. 94-103
_wBR0202443
909 _a202311
_bLúcia
_c55
_dLúcia Elande
942 _2AGRIS
_n0
_cANA
999 _c170271
_d170271